Sports Quiz

Random Sports Quiz
Score 0/33 Timer 10:00
2 Plays Today
Appearances Player % Correct
49Thierry Henry
99.1%
45Robert Pires
96.3%
25David Seaman
93.9%
48Sol Campbell
90.1%
46Dennis Bergkamp
89.8%
13Tony Adams
87.6%
40Ashley Cole
86.3%
54Patrick Vieira
85.4%
34Martin Keown
80.3%
39Freddie Ljungberg
78.1%
40Ray Parlour
77.7%
41Lauren
74.9%
54Sylvain Wiltord
73.9%
19Lee Dixon
72.6%
39Nwankwo Kanu
59.6%
22Richard Wright
57%
27Edu
55.1%
Appearances Player % Correct
10Francis Jeffers
43.4%
40Gilles Grimandi
30.9%
15Stuart Taylor
26.4%
26Oleg Luzhny
26.1%
33Giovanni van Bronckhorst
22.6%
5Jermaine Pennant
21.5%
14Igors Stepanovs
18.6%
3Jeremie Aliadiere
18.6%
22Matthew Upson
18.1%
4Junichi Inamoto
8.7%
3Stathis Tavlaridis
4.6%
2Juan
3.3%
1Sebastian Svard
2.7%
3John Halls
2%
1Carlin Itonga
1.5%
1Rohan Ricketts
0.4%
Remove Ads.
Support Sporcle.
Get the best of Sporcle when you Go Orange. This ad-free experience offers more features, more stats, and more fun while also helping to support Sporcle. Thank you for becoming a member.

You're not logged in!

Compare scores with friends on all Sporcle quizzes.
OR
Log In

Sporcle TV

Today on Sporcle TV


Watch our educational content, quiz creation guides, and fun videos on Sporcle TV.

Show Comments

Extras

Created May 8, 2020ReportNominate
Tags:appearance, Arsenal, Player, season, Squad

Top Quizzes Today


Score Distribution

Paid Content

Your Account Isn't Verified!

In order to create a playlist on Sporcle, you need to verify the email address you used during registration. Go to your Sporcle Settings to finish the process.

Report this User

Report this user for behavior that violates our Community Guidelines.

Details: